| 000 | 00654nac a22002291u 4500 | ||
|---|---|---|---|
| 003 | EG-ScBUE | ||
| 005 | 20221101111913.0 | ||
| 008 | 221101t2007 gw a f 001 0 eng d | ||
| 020 | _a9783866540101 | ||
| 040 |
_aEG-ScBUE _beng _erda _cEG-ScBUE _dEG-ScBUE |
||
| 082 | 0 | 4 |
_a747.3 _bWAL _222 |
| 245 | 0 | 0 |
_aWall design / _ceditor Anne Dörte Schmidt. |
| 264 | 1 |
_aCologne : _bDaab, _c[2007] |
|
| 264 | 4 | _cc2007 | |
| 300 |
_a379 pages : _bcolor illustrations ; _c23 cm |
||
| 500 | _aincludes index. | ||
| 650 | 7 |
_aInterior walls Decoration. _2BUEsh |
|
| 653 | _bART | ||
| 655 | _vReading book | ||
| 700 | 1 |
_aSchmidt, Anne Dörte, _eeditor. |
|
| 942 |
_cBB _2ddc |
||
| 999 |
_c8188 _d8188 |
||